000 01564nam0a2200409 4500
001 RU\NLR\bibl\355084
005 20250621154920.0
010 _a5-86465-052-8
_9150
021 _aRU
_b2002-53170
_92580
035 _a(NLR Aleph) 000349744
090 _a268428
_c268428
100 _a20021226d2002 |||y0rusy50 ca
101 0 _arus
102 _aRU
105 _ay |||||||||
200 1 _aПоиск антропоса на сцене
_fЕ. А. Иваненко, М. А. Корецкая, Е. В. Савенкова
210 _aСамара
_cИзд-во Самар. гуманит. акад.
_d2002
215 _a191,[2] с.
_d21
320 _aБиблиогр. в подстроч. примеч.
606 0 _aЭстетика античная
_xИстория
_92200863
_3RU\NLR\auth\661322540
606 0 _aЭстетика и философия
_91869652
_3RU\NLR\auth\661139618
610 0 _aДраматические произведения (х. л.)
675 _a821.161.1-2
_v3
_zrus
686 _a17.82
_2rugasnti
686 _a84(2Рос-Рус)6-6
_2rubbk
686 _aЮ8г(0)3
686 _aЮ802.225
700 1 _aИваненко
_bЕ. А.
_gЕлена Анатольевна
_4070
701 1 _aКорецкая
_bМ. А.
_gМарина Александровна
_4070
701 1 _aСавенкова
_bЕ. В.
_gЕлена Владимировна
_4070
801 0 _aRU
_bRKP
_c20021226
_gPSBO
801 1 _aRU
_bRKP
_c20021226
801 2 _aRU
_bNLR
_c20030207
_grcr
942 _cBOOK
980 _aNB
980 _aNBR